| 000 | 00663nam a2200229 a 4500 | ||
|---|---|---|---|
| 001 | BRCA_4056 | ||
| 005 | 20190320204529.0 | ||
| 008 | 150210s1885----u--a######---#000-0#eng-# | ||
| 041 | _aeng | ||
| 044 | _au | ||
| 050 | 4 |
_aF1215 _b.O23 2 1885 |
|
| 100 | 1 |
_aOber, Frederick Albion _d1849-1913 _99866 |
|
| 245 | 1 | 0 |
_aTravels in México and Life Among the Mexicans _cby Frederick A. Ober. |
| 260 |
_aBoston _bEstes & Lauriat _c1885 |
||
| 300 |
_a672 p. _bil. _c24 cm. |
||
| 500 | _aGrabado suelto en la primera página | ||
| 500 | _aVer también B143 (1884) | ||
| 500 | _aC39 | ||
| 651 | 4 |
_aMéxico _xDescripción y viajes _9103 |
|
| 902 | _aGFM | ||
| 942 |
_2lcc _cB |
||
| 999 |
_c3780 _d3780 |
||